Matematica Colibri 3 / (Record no. 11032)

000 -CABECERA
fixed length control field 00684nam a22002177a 4500
003 - IDENTIFICADOR DEL NÚMERO DE CONTROL
control field AR-CdUCM
008 - DATOS DE LONGITUD FIJA--INFORMACIÓN GENERAL
fixed length control field 190401b ||||| |||| 00| 0 spa d
040 ## - FUENTE DE LA CATALOGACIÓN
Agencia/entidad que catalogó originalmente la obra MUNICIPALIDAD PROVINCIAL DEL CUSCO
Entidad que transcribió la catalogación BIBLIOTECA MUNICIPAL DEL CUSCO
082 ## - NÚMERO DE LA CLASIFICACIÓN DECIMAL DEWEY
No. de Clasificación EP / 372.461 /
Notacion interna Z42
100 ## - ENTRADA PRINCIPAL--NOMBRE DE PERSONA
Nombre Personal Zapata Misad, Ruth Maria
245 ## - MENCIÓN DE TÍTULO
Título Matematica Colibri 3 /
260 ## - PUBLICACIÓN, DISTRIBUCIÓN, ETC.
Lugar de publicación, distribución, etc. Lima :
Nombre de la editorial, distribuidor, etc. Coquito,
300 ## - DESCRIPCIÓN FÍSICA
Nº de Páginas Extensión 176 páginas ;
Otros detalles físicos ilustraciones, graficos, dibujos,
Dimensiones 27 cm.
650 ## - PUNTO DE ACCESO ADICIONAL DE MATERIA--TÉRMINO DE MATERIA
Descriptor Cuaderno taller.
9 (RLIN) 27737
650 ## - PUNTO DE ACCESO ADICIONAL DE MATERIA--TÉRMINO DE MATERIA
Descriptor Texto educativo
9 (RLIN) 25832
650 ## - PUNTO DE ACCESO ADICIONAL DE MATERIA--TÉRMINO DE MATERIA
Descriptor matematica
9 (RLIN) 28150
650 ## - PUNTO DE ACCESO ADICIONAL DE MATERIA--TÉRMINO DE MATERIA
Descriptor Figuras geometricas
9 (RLIN) 20967
942 ## - ELEMENTOS DE PUNTO DE ACCESO ADICIONAL (KOHA)
Fuente de clasificación
Tipo de item Libros-BMC
945 ## - PROCESAMIENTO DE INFORMACIÓN LOCAL (OCLC)
Catalogador pjha
Holdings
Estado de retiro (separado) Fuente de clasificación o esquema de estanterías Estado dañado Ubicación Sala donde se ubica Nombre de la colección Fecha de adquisición o compra Costo, precio normal en soles Signatura topográfica Código de Barras Última vez visto (Koha) Tipo de ítem (Koha)
No     Sala de Infantes Sala de Infantes Book Cart 2019-04-02 25.00 EP / 372.461 / Z42 SI00000989 2019-04-02 Libros-BMC
No     Sala de Infantes Sala de Infantes Book Cart 2019-04-02 25.00 EP / 372.461 / Z42 / e.2 SI00001397 2019-04-05 Libros-BMC

Powered by Koha